00382 2200157 4500245004000000020002200040250001100062100002100073650001600094005001900110260004200129041001400171084000800185300002200193336000900215 aDiary FellycJoshua Riwu KahohText a978-979-22-6997-0 aCet. 1 aJoshua Riwu Kaho aNovel Fiksi a20230110072352 aJakartabGramedia Pustaka Utamac2011 aIndonesia a813 a144 hlm. :c20 cm atext